1833 1184 1526 1153 1191 1496 1073 1795 1359 1733 1326 1194 1411 1625 1128 1779 1894 1039 1553 1705 1580 1357 1351 1650 1740 1704 1002 1544 1422 1484 1217 1510 1225 1531 1742 1524 1438 1975 1031 1498 1007 1837 1099 1423 1550 1070 1169 1879 1130 1174 1646 1194 1578 1873 1793 1381 1572 1811 1599 1191 1139 1916 1843 1704 1203 1846 1576 1934 1208 1764 1177 1802 1362 1420 1846 1109 1874 1294 1819 1690 1877 1872 1575 1606 1613 1785 1514 1539 1198 1838 1570 1029 1972 1160 1321 1813 1386 1650 1490 BCNSPRNW ULIB Ver.6.0+V

เปลี่ยนเป็นภาษาไทย

Change to English
 แสดงรายละเอียดบรรณานุกรม
  กลับหน้าหลัก

Brief Record : Get Marc (ISO 2709) : E-mail record : QR code < ปิดหน้าต่าง
LEADER : 00000nam 2200000uu 4500
001    13399111927
003     ULIB
008    110627s2552||||th 000 0 tha d
020    9786165000222
090    นว.^bอ967พ 2552
100 0  ไอศิยา
245 00 เพียงใจภักดิ์/^cไอศิยา
250    พิมพ์ครั้งที่ 1
260    กรุงเทพฯ :^bพิมพ์คำ,^c2552
300    328 หน้า
710 1  พิมพ์คำ
945    ^p220^l0^i028058
995    ทศพร
999 ^a ใช้งานได้ทุกระบบ
รายการนี้ยังไม่มีแท็ก
คุณยังไม่ได้ล็อกอิน คุณสามารถมีกิจกรรมร่วมกับเว็บไซต์ได้ แต่ต้องล็อกอินก่อน ::
  ล็อกอิน

รายการสื่อสารสนเทศ

ลำดับที่ ประเภท เลขเรียก/บาร์โค้ด สถานที่ สถานะ
- ไม่พบข้อมูล -

รายการใกล้เคียง
    ผู้แต่ง [ไอศิยา]

BibComment


ยังไม่เคยถูกคอมเมนท์

คอมเมนท์ทรัพยากรรายการนี้
  คอมเมนท์: เพียงใจภักดิ์ ไอศ..


 Copyright 2026. Bcnsprnw @Library